Score 0/18 Timer 05:00
1 Play Today
Scrambled Term Unscrambled Term % Correct
CHOAMmocha
94%
LETATlatte
90.6%
LEXMALW EHUSOMaxwell House
79.2%
CACIPOPUNCcappuccino
74%
STARIBAbarista
72.7%
CHFNER SPSREFrench press
70.8%
NUJA DEVALZJuan Valdez
70%
DERGRNIgrinder
66%
TRIFLEfilter
59.2%
Scrambled Term Unscrambled Term % Correct
FINEFACEcaffeine
58.8%
RAFACEcarafe
58.6%
REMARCEcreamer
57.3%
CARABIAarabica
57.2%
BRATSCUSKStarbucks
55.1%
ROCYIHCchicory
46.2%
PROSESESespresso
43.7%
CAROLTROPEpercolator
18.6%
BOUTRASrobusta
9.2%
Remove Ads.
Support Sporcle.
Get the best of Sporcle when you Go Orange. This ad-free experience offers more features, more stats, and more fun while also helping to support Sporcle. Thank you for becoming a member.

You're not logged in!

Compare scores with friends on all Sporcle quizzes.
OR
Log In

Show Comments

Extras

Top Quizzes Today


Score Distribution

Your Account Isn't Verified!

In order to create a playlist on Sporcle, you need to verify the email address you used during registration. Go to your Sporcle Settings to finish the process.

Report this User

Report this user for behavior that violates our Community Guidelines.

Details: